Applied statistics and probability for engineers

Αποθηκεύτηκε σε:
Λεπτομέρειες βιβλιογραφικής εγγραφής
Κύριος συγγραφέας: Montgomery, Douglas C.
Άλλοι συγγραφείς: Runger, George C.
Μορφή: Βιβλίο
Γλώσσα:English
Δημοσίευση: Hoboken, NJ : Wiley, c2007
Έκδοση:4th ed.
Θέματα:
Ετικέτες: Προσθήκη ετικέτας
Δεν υπάρχουν, Καταχωρήστε ετικέτα πρώτοι!

MARC

LEADER 00000nam a2200000 i 4500
001 1/11758
008 110128s2007 eng d
020 |a 978-0-471-74589-1 
035 |l 10109530 
040 |a GR-MY-UA  |b gre  |e aacr 
041 0 |a eng 
082 0 |a 519.5  |2 (22) 
100 1 |a Montgomery, Douglas C. 
245 1 0 |a Applied statistics and probability for engineers /  |c Douglas C. Mongomery, George C. Runger 
250 |a 4th ed. 
260 |a Hoboken, NJ :   |b Wiley,   |c c2007 
300 |a xvi, 768 σ.;  |b εικ.;  |c 27 εκ. 
504 |a Περιέχει ευρετήριο 
650 0 0 |a Statistics. 
650 0 0 |a Probabilities. 
700 1 |a Runger, George C. 
852 |a INST  |b SAMOS  |e 20110128  |h 519.5 MON  |p 005300033024  |q 005300033024  |t BK  |y 0 
901 |a BIBL3-2011-1 
909 |a Σ  |b 166839 
922 |a 3ΕΛΗ  |b 201011  |c ΤΣΑΧΜ  |d ΜΙΧΑΛΟΠΟΥΛΟΣ 
970 |a ΚΟΣΙΕΡΗΣ  |b ΧΡΗΣΤΟΣ  |z 2011/01/28